00441nam a2200157Ia 4500008004100000020001800041041000800059082001700067100002900084245005700113250001200170260002000182300002200202365000800224700005100232230718s9999 xx 000 0 und d a9781439802830 aeng a006.3'2bWIL aWilamowski B.M. (Editor) aIndustrial Electronics HandbookbIntelligent Systems a2nd ed. c2011bCRC Press dRef 716 I (39894) cRs. aWilamowski B.M. (Editor) & Irwin J.D. (Editor)